Представление документа в формате MARC21

Поле Инд. ПП Название Значение
Тип записи a
Библиографический уровень m
001 Контрольный номер RU/IS/BASE/330081751
005 Дата корректировки 20150513112038.3
008 Кодируемые данные u
020 a ISBN 5-06-003627-8
040 a Служба первич. каталог. НБ ТвГУ
080 a Индекс УДК 544(075.8)
084 a Индекс другой классификации/Индекс ББК Г5я73-1
090 a Полочн. индекс Г5
x Авторский знак С 86
100 0_ a Автор Стромберг Армин Генрихович
q Полное имя Стромберг А. Г.
245 a Заглавие Физическая химия
b Продолж. заглавия Учеб. для студентов вузов, обучающихся по хим. спец.
c Ответственность под ред. А. Г. Стромберга
250 a Основные сведения об издании 3-е изд., испр. и доп.
260 a Место издания Москва
b Издательство Высшая школа
c Дата издания 1999
300 a Объем 527 с.
b Иллюстрации/ тип воспроизводства ил., табл.
504 a Библиография Библиогр.: с.511-515
504 a Библиография Предм. указ.: с. 516-522
520 a Аннотация Учебник написан на современном научно-методическом уровне. В нем отражены достижения физико-химической науки по всем ее трем методам: квантовой химии, химической термодинамики и химической кинетики и катализа. Для лучшего усвоения материала и его практического применения после многих параграфов помещены расчетные примеры. Третье издание учебника по физической химии (2-е в 1988г.) соответствует новой программе по физической химии для химических специальностей вузов. Для этого к учебнику добавлены два приложения:1)Введение в теорию самоорганизации материи. Элементы синергетики;2) Введение в теорию фракталов.
Д ля студентов химических специальностей вузов.
653 a Ключевые слова Учебники для вузов
a Ключевые слова Физическая химия
a Ключевые слова Химия
700 0_ a Другие авторы Семченко Дмитрий Платонович
q Полное имя Семченко, Д. П.
910 a гриф есть*
920 a Оператор Хохл
930 a Новая/Ретро учебники
952 c Вид литературы К ру
954 a Дата поступления на обработку 20100622